000 01355nam a2200325 a 4500
001 000022583
003 DO-SdBNP
005 20240219113411.0
008 101013s1998 dr 000 0 spa d
020 _a8489539871
040 _aDO-SdBNP
_bspa
_cBPMSU
082 4 _a306.362097293
_bF825n, 1998
_222
100 1 _aFranco, Franklin J.
_d
245 1 4 _aLos negros, los mulatos y la Nación Dominicana/
_cFranklin J. Franco; prólogo Juan I Jimenes Grullón
250 _a9a ed.
260 _aSanto Domingo :
_bArte Gráfica ,
_c1998.
300 _a199 p. ;
_c25 cm.
504 _aBibliografía : p. 195-199
505 0 _aNotación preliminar-- La introducción de esclavos y sus incidencias -- Procedencia, castas, denominaciones, culturas-- Los negros a través de las ordenanzas locales y de las cédulas reales-- La Iglesia -- Alzamientos y rebeliones -- Los negros fugitivos de accidente -- Tres siglos de vinculación negra.
590 _aInventariado, 2023/VM
650 4 _aEsclavitud e iglesia
_xHistoria
650 4 _aTrata de esclavos
650 4 _aNegros
_xVida social y costumbres
650 4 _aNegros
_zRepública Dominicana
_xHistoria
650 4 _aAbolición de la esclavitud
651 4 _aRepública Dominicana
_xHistoria
700 1 _a Jimenes Grullón, Juan I
910 _aVMateo V. Control de calidad (BPMSU)
942 _2ddc
_cBK
999 _c14576
_d14576